Visualizzazione normale
Vista MARC
- Cicognini Alessandro = (Cini A. 13532)
di Personal Name
Records bibliografici associati: 1
001 - CONTROL NUMBER
- control field: 38918
003 - CONTROL NUMBER IDENTIFIER
- control field: IT-RoPau
005 - DATE AND TIME OF LATEST TRANSACTION
- control field: 20151126090004.0
008 - FIXED-LENGTH DATA ELEMENTS
- fixed length control field: 151126|| aca||aabn | a|a d
040 ## - CATALOGING SOURCE
- Original cataloging agency: IT-RoPau
- Transcribing agency: IT-RoPau
100 ## - HEADING--PERSONAL NAME
- Personal name: Cicognini Alessandro = (Cini A. 13532)
- Relator term: (musica)
- Miscellaneous information: Codice Musica SPICS: 8029
670 ## - SOURCE DATA FOUND
- Source citation: Work cat.: (IT-RoPau)105005: De Sica Vittorio Codice regista SPICS: 7270 38915, MIRACOLO A MILANO MIRACOLO A MILANO (Rif. Codice opera principale : H0649)